00541cam a2200181 a 4500008004100000035003500041035003700076040001300113082000800126100002000134245007100154250002000225260003300245300001000278630004800288942000600336999001700342041028s1993 txu i 1 00eng d a(MSEA old Access rec no.)11618 a(MSEA old Access item no.)C01057 aDTLdDTL04a2251 aDeibler, Ellis.00aAn index of implicit information in the Gospels /cEllis Deibler.. apreliminary ed. aDallas, Tex.: bs.n., c1993 a87 p.002Library of CongressaBible.nN.T.xIndexes. n0 c63986d63960